The Mortal Instruments Trivia - Statistics

General Stats
  • This quiz has been taken 1,181 times
  • The average score is 10 of 15
Answer Stats
Hint Answer % Correct
Jace's last name Herondale
88%
What Simon gets turned into at Magnus' party Rat
88%
Angel who can be summoned with the Mortal Instruments Raziel
76%
Healing Rune Iratze
75%
The Silent Brothers' sister organization Iron Sisters
75%
City in Idris Alicante
71%
This is used to draw runes Stele
67%
A pair of fighting warriors Parabatai
66%
The fairy guard who Isabelle dates Meliorn
65%
Downworlders are Warlocks, Vampires, Werewolves, and Faeries
57%
Luke Garroway's real name Lucian Graymark
55%
Proper name for Shadowhunters Nephilim
55%
What makes Simon unable to be harmed/killed by anyone Mark of Cain
53%
Angel bound by Valentine Ithuriel
44%
Demon trying to bring Sebastian back to life Lillith
28%
No matching quizzes found
Score Distribution
Percent of People with Each Score
Percentile by Number Answered
Your Score History
You have not taken this quiz